[Event "Algiers Ameyar Memorial-A 11th"]
[Site "Algiers"]
[Date "2012.11.21"]
[Round "9"]
[White "Zaibi, Amir"]
[Black "Bouhaddad, Abdelkrim"]
[Result "1-0"]
[WhiteElo "2271"]
[BlackElo "2156"]
[PlyCount "49"]
[EventDate "2012.11.16"]
[EventType "swiss"]
[EventRounds "9"]
[EventCountry "ALG"]
[SourceTitle "CBM 151 Extra"]
[Source "ChessBase"]
[SourceDate "2012.12.18"]
[SourceVersion "1"]
[SourceVersionDate "2012.12.18"]
[SourceQuality "1"]

1. e4 e5 2. Nc3 Nc6 3. Bc4 Bc5 4. d3 d6 5. f4 Nf6 6. Nf3 0-0 7. Na4 Bg4 8. Nxc5 dxc5 9. 0-0 exf4 10. Bxf4 Nd4 11. a4 Nh5 12. Be3 Qd6 13. Kh1 Kh8 14. Qd2 Be6 15. Bxe6 fxe6 16. Ng5 Nf6 17. Rae1 Ng4 18. Bg1 Qe7 19. h3 Nh6 20. b4 e5 21. bxc5 Rxf1 22. Rxf1 Qxc5 23. c3 Nb3 24. Qb2 Qe7 25. Qxb3 1-0

[Event "Algiers Ameyar Memorial-A 11th"]
[Site "Algiers"]
[Date "2012.11.19"]
[Round "6"]
[White "Barsov, Alexei"]
[Black "Bouhaddad, Abdelkrim"]
[Result "1-0"]
[WhiteElo "2508"]
[BlackElo "2156"]
[PlyCount "147"]
[EventDate "2012.11.16"]
[EventType "swiss"]
[EventRounds "9"]
[EventCountry "ALG"]
[SourceTitle "CBM 151 Extra"]
[Source "ChessBase"]
[SourceDate "2012.12.18"]
[SourceVersion "1"]
[SourceVersionDate "2012.12.18"]
[SourceQuality "1"]

1. d4 Nf6 2. Nf3 g6 3. c4 Bg7 4. g3 0-0 5. Bg2 d6 6. 0-0 Nbd7 7. Nc3 e5 8. e4 c6 9. h3 a5 10. Re1 exd4 11. Nxd4 Re8 12. b3 Nc5 13. Bf4 a4 14. Rb1 axb3 15. axb3 Ra3 16. Qc2 Nfd7 17. Bc1 Ra8 18. Be3 Ne5 19. Red1 Qe7 20. f4 Ned7 21. Bf2 Nf6 22. Re1 Qc7 23. b4 Ne6 24. Nf3 Nf8 25. Rbd1 Be6 26. Bf1 Ra3 27. Nd4 Rea8 28. Qd2 Bd7 29. Rc1 Ne6 30. Bg2 Nxd4 31. Bxd4 Be6 32. Ne2 Nh5 33. Bxg7 Nxg7 34. Rc2 f5 35. Kh2 fxe4 36. Bxe4 Nf5 37. Nd4 Nxd4 38. Qxd4 Ra2 39. Ree2 Rxc2 40. Rxc2 Qd7 41. g4 Rf8 42. Kg3 Rd8 43. Rd2 Qg7 44. c5 Qxd4 45. Rxd4 d5 46. Bd3 Ra8 47. f5 gxf5 48. gxf5 Bf7 49. Kf4 Re8 50. Kg5 Re3 51. h4 h5 52. Kf6 Kf8 53. Bc2 Re2 54. Bd1 Re1 55. Rd2 Rh1 56. Kg5 Rg1+ 57. Kf4 Ke7 58. Ke5 Re1+ 59. Be2 Rb1 60. f6+ Kf8 61. Ra2 Be8 62. b5 cxb5 63. Kd6 Re1 64. Bf3 b4 65. Bxd5 Rd1 66. Ra8 b3 67. f7 Rxd5+ 68. Kxd5 Kxf7 69. Ra3 Kf6 70. Kd4 Bf7 71. Ra7 Kf5 72. Rxb7 Be6 73. Kc3 Ke5 74. Rh7 1-0

[Event "Algiers Ameyar Memorial-A 11th"]
[Site "Algiers"]
[Date "2012.11.16"]
[Round "1"]
[White "Bouhaddad, Abdelkrim"]
[Black "Lahmar, Chaima"]
[Result "1-0"]
[WhiteElo "2156"]
[BlackElo "1534"]
[PlyCount "63"]
[EventDate "2012.11.16"]
[EventType "swiss"]
[EventRounds "9"]
[EventCountry "ALG"]
[SourceTitle "CBM 151 Extra"]
[Source "ChessBase"]
[SourceDate "2012.12.18"]
[SourceVersion "1"]
[SourceVersionDate "2012.12.18"]
[SourceQuality "1"]

1. e4 d5 2. e5 c5 3. Nf3 Nc6 4. c3 Bg4 5. Bb5 e6 6. Bxc6+ bxc6 7. Qa4 c4 8. Qxc6+ Ke7 9. b3 f6 10. exf6+ Nxf6 11. Ba3+ Kf7 12. Ne5+ Kg8 13. Nxg4 Bxa3 14. Nxf6+ gxf6 15. Nxa3 cxb3 16. axb3 Kg7 17. 0-0 Re8 18. Nb5 Re7 19. Nd4 Kf7 20. Ra6 Rc8 21. Qa4 Qf8 22. Rxa7 Rce8 23. Re1 Rxa7 24. Qxa7+ Re7 25. Qc5 Qe8 26. Rxe6 Rxe6 27. Qxd5 Kg6 28. Qxe6 Qa8 29. h4 Qa1+ 30. Kh2 Qa7 31. Qg8+ Kh6 32. g4 1-0

[Event "Olympiad-37"]
[Site "Turin"]
[Date "2006.06.02"]
[Round "11"]
[White "Bouhaddad, Abdelkrim"]
[Black "Ferrufino, Boris"]
[Result "1-0"]
[WhiteElo "2099"]
[BlackElo "2259"]
[PlyCount "43"]
[EventDate "2006.05.21"]
[EventType "team-swiss"]
[EventRounds "13"]
[EventCountry "ITA"]
[SourceTitle "CBM 113"]
[Source "ChessBase"]
[SourceDate "2006.07.31"]
[SourceVersion "1"]
[SourceVersionDate "2006.07.31"]
[SourceQuality "1"]
[WhiteTeam "Algeria"]
[BlackTeam "Bolivia"]
[WhiteTeamCountry "ALG"]
[BlackTeamCountry "BOL"]

1. e4 c5 2. c3 Nf6 3. e5 Nd5 4. d4 cxd4 5. Nf3 Nc6 6. cxd4 g6 7. Nc3 Nxc3 8. bxc3 Bg7 9. Bf4 Qc7 10. Qd2 d6 11. exd6 exd6 12. Bd3 0-0 13. 0-0 Bg4 14. Ng5 Qd8 15. h3 Bc8 16. Ne4 d5 17. Nd6 Qf6 18. Rfe1 Rd8 19. Ne8 Qh4 20. Bg5 Qh5 21. Nxg7 Kxg7 22. Be2 1-0

[Event "Arab Clubs-chT 5th"]
[Site "Damascus"]
[Date "2003.07.17"]
[Round "1"]
[White "Bouhaddad, Abdelkrim"]
[Black "Abdulaziz, Mahmoud"]
[Result "1/2-1/2"]
[WhiteElo "2089"]
[BlackElo "2168"]
[PlyCount "36"]
[EventDate "2003.07.17"]
[EventType "team"]
[EventRounds "9"]
[EventCountry "SYR"]
[SourceTitle "CBM 095 Extra"]
[Source "ChessBase"]
[SourceDate "2003.09.04"]
[SourceVersion "1"]
[SourceVersionDate "2003.09.04"]
[SourceQuality "1"]

1. e4 d6 2. d4 Nf6 3. Nc3 g6 4. f4 Bg7 5. Nf3 0-0 6. Bd3 Na6 7. 0-0 c5 8. e5 Nd7 9. exd6 exd6 10. Nb5 Nf6 11. c3 Nc7 12. dxc5 dxc5 13. Ne5 a6 14. Nxc7 Qxc7 15. a4 Nh5 16. Nc4 Nf6 17. f5 Qc6 18. Qf3 Qd5 1/2-1/2